000 01091nam a2200289 i 4500
003 DO-SdBNP
005 20251015100856.0
007 ta
008 251015b2020 dr ab||| |||| 00| 0 spa d
020 _a9789945094114
040 _aDO-SdBNP
_bspa
_cBNPHU
_erda
041 _aspa
082 4 _axxx
_bxxx
_222
100 _aLembert Fermín, Vinicio,
_eautor
_4aut.
_988703
245 1 0 _aAsesorías tecnológicas :
_btelevisión digital, física cuántica, tecnología 5 G, sistema europeo DVBT-2 telecable de Haití, torre comunitaria y torre venteada /
_cVinicio Lembert Fermín ; prólogo, Luis S. Fernández
250 _aSegunda edición
264 4 _aSanto Domingo :
_bEditora Búho,
_c©2020.
300 _a334 páginas :
_bilustraciones, mapas ;
_c23 cm.
336 _atexto
_btxt
_2rdacontent
337 _asin mediación
_bn
_2rdamedia
338 _avolumen
_bnc
_2rdacarrier
500 _aIncluye datos biográficos del autor en las solapas
590 _aInventariado, 2025/BT
700 1 _aFernández, Luis S.,
_eprologuista
_4pr.
_988704
910 _aBtavárez
942 _2ddc
_cLBS1
999 _c59956
_d59956